CG - révolution française 1789 - Statistiques

Statistiques générales
  • Ce quiz a été pris 38 fois
  • Le résultat moyen est 9 sur 20
Statistiques - réponses
Hint Réponse % Correct
Comment s’appelle le texte qui proclame les droits en août 1789 ? DDHC | déclaration des droits de l'homme et du citoyen
93%
Comment appelle-t-on la période 1793-1794 dominée par Robespierre ? Terreur | La Terreur
86%
Quel événement réunit les représentants des trois ordres en 1789 ? Les Etats généraux | Etats généraux
75%
Dans quelle ville Louis XVI est il arrêté? Varennes
71%
En quelle année commence Le Directoire ? 1795
68%
Contre qui principalement la France révolutionnaire entre-t-elle en guerre ? Autriche | Prusse
61%
Quel régime remplace la monarchie en 1792 ? La République | République
61%
Comment Napoléon Bonaparte prend-il le pouvoir ? coup d'état | coup état
54%
Quel philosophe des Lumières a inspiré l’idée de séparation des pouvoirs ? Montesquieu
50%
Comment s’appelle l’assemblée formée par le Tiers État en juin 1789 ? L’Assemblée nationale | Assemblée nationale
43%
Quel groupe politique était dirigé par Robespierre ? les Jacobins | Jacobins
43%
Quelle date marque le Serment du Jeu de Paume ? (mois - année) juin 1789
39%
Qu'est ce qui marque la fin de la Terreur? mort de Robespierre | exécution de Robespierre | mort Robespierre | exécution Robespierre
36%
Quelle nuit symbolise la fin des privilèges dans les campagnes ? (jour - mois - année) 4 août 1789 | 4 aout 1789
32%
Quand Napoléon Bonaparte prend-il le pouvoir ? (mois - année) novembre 1799
29%
Que promettent les députés lors du Serment du Jeu de Paume ? Rédiger une Constitution | une Constitution | Constitution
29%
Quelles sont les guerres internes liées à la Révolution à la même époque ? La guerre de Vendée | guerre de Vendée
21%
Comment sont appelés les révolutionnaires les plus radicaux? les sans-culottes | les sans culottes | sans culottes
21%
Quel événement marque la fin de la monarchie en 1792 ? prise des Tuileries | Tuileries | prise Tuileries
18%
Qu'est ce qui met fin à la révolution ? coup d'état de Napoléon | coup d'état Napoléon | coup état Napoléon
11%
Aucun quiz correspondant
Distribution des résultats
% des personnes avec chaque résultat
Percentile par nombre de réponses
Votre historique - résultats
Vous n’avez pas pris ce quiz